[Event "Sautron op 13th"]
[Site "Sautron"]
[Date "2013.10.??"]
[Round "3"]
[White "Trouve, Guillaume"]
[Black "Le Bihan, Alison"]
[Result "1-0"]
[WhiteElo "1888"]
[BlackElo "1669"]
[PlyCount "57"]
[EventDate "2013.10.26"]
[EventType "swiss"]
[EventRounds "9"]
[EventCountry "FRA"]
[SourceTitle "EXT 2016"]
[Source "ChessBase"]
[SourceDate "2015.10.08"]
[SourceVersion "1"]
[SourceVersionDate "2015.10.08"]
[SourceQuality "1"]

1. e4 c5 2. Nf3 g6 3. d4 cxd4 4. Nxd4 Bg7 5. Nc3 Nc6 6. Be3 Nf6 7. Bc4 0-0 8. Bb3 a5 9. Ndb5 d6 10. h3 Nd7 11. Qe2 Nb6 12. 0-0 Bd7 13. a4 Rc8 14. f4 Be6 15. f5 Bxb3 16. cxb3 Ne5 17. Rad1 Ned7 18. Qf2 Na8 19. Na7 Rb8 20. g4 Qe8 21. g5 f6 22. Nd5 fxg5 23. Bxg5 Bf6 24. Nxf6+ Nxf6 25. Bh6 Rf7 26. Kh2 Nh5 27. Qh4 Nb6 28. Rg1 Rf6 29. Qxh5 1-0

[Event "FRA-ch U12"]
[Site "Saint Paul Trois Chateaux"]
[Date "2013.05.06"]
[Round "9"]
[White "Trouve, Guillaume"]
[Black "Coiffait, Pierre Basile"]
[Result "0-1"]
[WhiteElo "1889"]
[BlackElo "1840"]
[PlyCount "86"]
[EventDate "2013.04.28"]
[EventType "swiss"]
[EventRounds "9"]
[EventCountry "FRA"]
[SourceTitle "CBM 154 Extra"]
[Source "ChessBase"]
[SourceDate "2013.06.25"]
[SourceVersion "2"]
[SourceVersionDate "2013.06.25"]
[SourceQuality "1"]

1. e4 c5 2. Nf3 Nc6 3. d4 cxd4 4. Nxd4 Qb6 5. Nb3 Nf6 6. Nc3 e6 7. Be3 Qc7 8. f4 d6 9. Bd3 a6 10. a4 Na5 11. Nxa5 Qxa5 12. 0-0 Be7 13. h3 0-0 14. g4 Nd7 15. g5 Nc5 16. f5 Nxd3 17. Qxd3 Qd8 18. Rf2 Bxg5 19. Bxg5 Qxg5+ 20. Rg2 Qe7 21. Qg3 f6 22. Rd1 exf5 23. Nd5 Qf7 24. Qxd6 fxe4 25. Nb6 Bxh3 26. Rg3 Bf5 27. Nxa8 Rxa8 28. Rd5 Bg6 29. c4 Rc8 30. b4 Qc7 31. Qe6+ Bf7 32. Qg4 Bxd5 33. cxd5 Qc1+ 34. Kh2 Rc2+ 35. Rg2 Qh6+ 36. Kg1 Rxg2+ 37. Kxg2 Qg6 38. Kg3 Qxg4+ 39. Kxg4 Kf7 40. Kf4 f5 41. a5 Kf6 42. Kg3 Ke5 43. Kf2 Kxd5 0-1

[Event "FRA-ch U12"]
[Site "Saint Paul Trois Chateaux"]
[Date "2013.05.05"]
[Round "8"]
[White "Willems, Niels"]
[Black "Trouve, Guillaume"]
[Result "0-1"]
[WhiteElo "1708"]
[BlackElo "1889"]
[PlyCount "160"]
[EventDate "2013.04.28"]
[EventType "swiss"]
[EventRounds "9"]
[EventCountry "FRA"]
[SourceTitle "CBM 154 Extra"]
[Source "ChessBase"]
[SourceDate "2013.06.25"]
[SourceVersion "2"]
[SourceVersionDate "2013.06.25"]
[SourceQuality "1"]

1. c4 e5 2. g3 Nf6 3. Bg2 d5 4. cxd5 Nxd5 5. Nc3 Nb6 6. Nf3 Nc6 7. 0-0 Be7 8. a3 0-0 9. b4 Be6 10. Bb2 f6 11. d3 a5 12. b5 Nd4 13. Nxd4 exd4 14. Na4 Bd5 15. Nxb6 cxb6 16. Qa4 Bxg2 17. Kxg2 Qd5+ 18. Kg1 Bc5 19. Rac1 Rfe8 20. Rc2 Re6 21. Re1 Rae8 22. Rd2 Kf8 23. Qc2 f5 24. f3 h5 25. Kf2 Rg6 26. Rdd1 f4 27. Bc1 Bd6 28. gxf4 Be7 29. Rg1 Bh4+ 30. Kf1 Rxg1+ 31. Kxg1 Qe6 32. Kf1 Qh3+ 33. Kg1 Re6 34. f5 Qxf5 35. Kh1 Qe5 36. Qc8+ Re8 37. Qxb7 Qxe2 38. Rg1 Bf6 39. Bg5 Qe7 40. Qxe7+ Rxe7 41. Bf4 Be5 42. Bg5 Rc7 43. Rc1 Rxc1+ 44. Bxc1 Ke7 45. Kg2 Kd6 46. a4 Ke6 47. Bg5 Kd5 48. Bc1 Bd6 49. Bd2 Ba3 50. Bg5 Bd6 51. Bd2 Ke5 52. Bg5 Bc7 53. Bh4 Kf5 54. Bf2 Be5 55. h3 g5 56. Bg1 Ke6 57. Bf2 Kd5 58. Be1 Bf4 59. Kf1 Be3 60. Kg2 h4 61. Kf1 Ke5 62. Kg2 Kf4 63. Bf2 Bxf2 64. Kxf2 Ke5 65. Ke2 Kd5 66. Kf2 Kc5 67. f4 gxf4 68. Kf3 Kb4 69. Kg4 f3 70. Kxf3 Kxa4 71. Ke4 Kb3 72. Kxd4 a4 73. Kd5 a3 74. Kc6 a2 75. Kxb6 a1Q 76. Kb7 Kb4 77. b6 Kb5 78. Kc7 Qa5 79. d4 Qxb6+ 80. Kc8 Qxd4 0-1